000 004710000a22001810004500
003 MACL
005 20151013133240.0
008 151013b xxu||||| |||| 00| 0 eng d
040 _aMACL
_cMACL
041 _aEnglish
082 _a920/DI[
100 _aDipankar, Acharya
_914596
245 _aPushpanjali
_b125th Birth Anniversary Of Mahatma Gandhi
260 _bJanmat Prakashan
_c1995
_aNew Delhi
350 _a105
650 _aBiography
_914597
942 _cBK
_k920
_2ddc
999 _c2847
_d2847